SSC CHSL (10+2) Tier 1: (Record no. 184500)

MARC details
000 -LEADER
fixed length control field 00552nam a22001697a 4500
005 - DATE AND TIME OF LATEST TRANSACTION
control field 20220121112556.0
010 ## - LCCN (DPL NO)
LC control number ENG-131297
020 ## - INTERNATIONAL STANDARD BOOK NUMBER
International Standard Book Number 978-93-5322-880-4
Terms of availability 325.00
035 ## - SYSTEM CONTROL NUMBER
System control number EN-114829
037 ## - SOURCE OF ACQUISITION
Source of stock number/acquisition DBAD
082 ## - DEWEY DECIMAL CLASSIFICATION NUMBER
Classification number 000
245 ## - TITLE STATEMENT
Title SSC CHSL (10+2) Tier 1:
Remainder of title Online Recruitment Examination-2020 General Inteligence/
260 ## - PUBLICATION, DISTRIBUTION, ETC. (IMPRINT)
Place of publication, distribution, etc New Delhi
Name of publisher, distributor, etc Prabhat Exam
Date of publication, distribution, etc 2019
270 ## - ADDRESS
City New Delhi
Address 4/19, Asaf Ali Road
Postal code 110002
Telephone number 23289555, 23289666
Electronic mail address prabhatbook@gmail.com
300 ## - PHYSICAL DESCRIPTION
Extent 224p.
Dimensions 28cm(pbk)
942 ## - ADDED ENTRY ELEMENTS (KOHA)
Source of classification or shelving scheme Dewey Decimal Classification
Item type English Books
Classification part 000
Call number suffix SSC
Holdings
Withdrawn status Lost status Not for loan Collection code Home library Current library Date acquired Source of acquisition Cost, normal purchase price Full call number Barcode Copy number Cost, replacement price Koha item type
      Non-fiction Central Jail Tihar Central Jail Tihar 21/01/2022 DBAD/PUB 165.00 000 SSC EN-114829 1 165.00 English Books

© Delhi Public Library
Hit Counter
free hit counter